Principios de anatomía y fisiología (Registro nro. 3461)

Detalles MARC
000 -CABECERA
Longitud fija campo de control 00842nam a2200265 b 4500
001 - NÚMERO DE CONTROL
Número de control bimo0002391546
003 - IDENTIFICADOR DELl NÚMERO DE CONTROL
Identificador del número de control OSt
005 - FECHA Y HORA DE LA ÚLTIMA TRANSACCIÓN
Fecha y hora de la última transacción 20131028093635.0
008 - CÓDIGOS DE INFORMACIÓN DE LONGITUD FIJA
Códigos de información de longitud fija 061130s2006 mex spa
020 ## - NÚMERO INTERNACIONAL NORMALIZADO PARA LIBROS
Número Internacional Normalizado para Libros (ISBN) 978-968-7988-77-1
040 ## - FUENTE DE LA CATALOGACIÓN
Centro catalogador de origen SpMaBN
Lengua de catalogación spa
Centro transcriptor BMC
Normas de descripción rdc
082 ## - NÚMERO DE LA CLASIFICACIÓN DECIMAL DEWEY
Númeroo de clasificación 611
082 ## - NÚMERO DE LA CLASIFICACIÓN DECIMAL DEWEY
Númeroo de clasificación 612
100 1# - PUNTO DE ACCESO PRINCIPAL-NOMBRE DE PERSONA
9 (RLIN) 4227
Nombre de persona Tortora, Gerard J.
245 10 - MENCIÓN DE TÍTULO
Título Principios de anatomía y fisiología
Mención de responsabilidad, etc. Gerard J. Tortora, Bryan Derrickson
250 ## - MENCIÓN DE EDICIÓN
Mención de edición 11ª ed
260 ## - PUBLICACIÓN, DISTRIBUCIÓN, ETC. (PIE DE IMPRENTA)
Lugar de publicación, distribución, etc. México, D.F. [etc.]
Nombre del editor, distribuidor, etc. Editorial Médica Panamericana
Fecha de publicación, distribución, etc. cop. 2006
300 ## - DESCRIPCIÓN FÍSICA
Extensión XXXVIII, 1154, [87] p.
Otras características físicas il. col. y n.
Dimensiones 28 cm
500 ## - NOTA GENERAL
Nota general Incluye índices
594 ## - NOTA AL TÍTULO Y MENCIÓN DE RESPONSABIBLIDAD
Nota Al Título Y Mención De Responsabilidad Traducción de: Principles of anatomy and physiology, 11th ed.
650 24 - PUNTO DE ACCESO ADICIONAL DE MATERIA - TÉRMINO DE MATERIA
Término de materia o nombre geográfico como elemento inicial Anatomía humana
9 (RLIN) 4181
650 24 - PUNTO DE ACCESO ADICIONAL DE MATERIA - TÉRMINO DE MATERIA
Término de materia o nombre geográfico como elemento inicial Fisiología humana
9 (RLIN) 580
700 1# - PUNTO DE ACCESO ADICIONAL - NOMBRE DE PERSONA
9 (RLIN) 4228
Nombre de persona Derrickson, Bryan
942 ## - ENTRADA DE ELEMENTOS AGREGADOS (KOHA)
Fuente de clasificaión o esquema Dewey Decimal Classification
Koha [por defecto] tipo de item 1- Monografias
Existencias
Suprimido Perdido Fuente de clasificación o esquema Estropeado Restricciones de uso No para préstamo Código de colección Localización permanente Localización actual Localización en estanter&íacute;as Fecha adquisición Fuente de adquisición Número de inventario Préstamos totales Renovaciones totales Signatura completa Código de barras Fecha última consulta Fecha último préstamo Coste, precio reemplazado Fecha del precio de reemplazo Tipo de item de Koha Note pública
NULL NULL Dewey Decimal Classification NULL Prestable NULL NULL Biblioteca Centro Regional de Ilobasco Biblioteca Centro Regional de Ilobasco Sala Principal 13/03/2012 UNICAES LI001875 118 4 611 TOR pri 1038425 18/09/2025 16/09/2025 42.00 27/09/2016 1- Monografias  
NULL NULL Dewey Decimal Classification NULL Prestable NULL NULL Biblioteca Centro Regional de Ilobasco Biblioteca Centro Regional de Ilobasco Sala Principal 13/03/2012 UNICAES LI001876 20 3 611 TOR pri 1038426 19/07/2025 18/07/2025 42.00 27/09/2016 1- Monografias LA PASTA ESTA DAÑADA Y TIENE HOJAS SUELTAS
NULL NULL Dewey Decimal Classification NULL Prestable NULL NULL Biblioteca Centro Regional de Ilobasco Biblioteca Centro Regional de Ilobasco Sala Principal 13/03/2012 UNICAES LI001968 183 13 611 TOR pri 1038542 04/03/2026 25/02/2026 42.00 03/10/2016 1- Monografias  
NULL NULL Dewey Decimal Classification NULL Prestable NULL NULL Biblioteca Miguel de Cervantes - UNICAES Biblioteca Miguel de Cervantes - UNICAES Sala Principal 25/10/2013 Donación - Facultad de Ciencias y Humanidades 005442 131 7 611 TOR pri 1005442 03/11/2025 03/11/2025 60.00 25/10/2013 1- Monografias  
NULL NULL Dewey Decimal Classification NULL Prestable NULL NULL Biblioteca Miguel de Cervantes - UNICAES Biblioteca Miguel de Cervantes - UNICAES Sala Principal 16/10/2009 Donación - Facultad de Ciencias y Humanidades 005443 110 10 611 TOR pri 1005443 03/11/2025 03/11/2025 60.00 25/10/2013 1- Monografias  
NULL NULL Dewey Decimal Classification NULL Prestable NULL NULL Biblioteca Miguel de Cervantes - UNICAES Biblioteca Miguel de Cervantes - UNICAES Sala Principal 16/10/2009 Donación - Facultad de Ciencias y Humanidades 005444 42 7 611 TOR pri 1005444 08/07/2024 08/07/2024 42.00 21/06/2017 1- Monografias